000
00327nam a2200133Ia 4500
005
20251222154356.0
008
251222s9999||||xx |||||||||||||| ||spa||
020
_a
980-207-46-7
082
_a
869.75/V23/Ej.2
100
_a
"Valleise Giliberto, MarĂa"
245
0
_a
Intimidades de una mujer
250
_a
2a.ed.
942
_c
LIB
999
_c
35094
_d
35094